Understanding and negotiating turnkey and EPC contracts (Record no. 102199)

MARC details
000 -LEADER
fixed length control field 01123cam a2200265 4500
008 - FIXED-LENGTH DATA ELEMENTS--GENERAL INFORMATION
fixed length control field #DATE n2002 000 0 eng u
020 ## - INTERNATIONAL STANDARD BOOK NUMBER
International Standard Book Number 0421674105
035 ## - SYSTEM CONTROL NUMBER
System control number (Sirsi) u118915
041 ## - LANGUAGE CODE
Language code of text/sound track or separate title eng
050 ## - LIBRARY OF CONGRESS CALL NUMBER
Classification number 624.08
-- 18
100 ## - MAIN ENTRY--PERSONAL NAME
Personal name Huse, Joseph A.
245 ## - TITLE STATEMENT
Title Understanding and negotiating turnkey and EPC contracts
250 ## - EDITION STATEMENT
Edition statement 2nd ed.
260 ## - PUBLICATION, DISTRIBUTION, ETC.
Place of publication, distribution, etc. London
Name of publisher, distributor, etc. Sweet & Maxwell
Date of publication, distribution, etc. 2002
300 ## - PHYSICAL DESCRIPTION
Extent xviii,973p.
Dimensions 26cm.
350 ## - PRICE (NR) (BK AM CF MU VM SE) [OBSOLETE]
Price 150
520 ## - SUMMARY, ETC.
Summary, etc. Revised edition of this text book which provides a detailed analysis of the FIDIC "Conditions of contract for EPC/turnkey projects" (ISBN 2884320210). This new edition complements the first "Understanding and negotiating turnkey contracts" (ISBN 0421523409) which retains its merits for a better understanding of the FIDIC "Conditions of contract for plant and design/build" (ISBN 2884320237).
650 ## - SUBJECT ADDED ENTRY--TOPICAL TERM
Topical term or geographic name entry element Contracts
9 (RLIN) 6232
650 ## - SUBJECT ADDED ENTRY--TOPICAL TERM
Topical term or geographic name entry element DESIGN AND BUILD CONTRACTS
650 ## - SUBJECT ADDED ENTRY--TOPICAL TERM
Topical term or geographic name entry element ENGINEERING CONTRACTS
650 ## - SUBJECT ADDED ENTRY--TOPICAL TERM
Topical term or geographic name entry element FIDIC CONDITIONS OF CONTRACT
650 ## - SUBJECT ADDED ENTRY--TOPICAL TERM
Topical term or geographic name entry element TURNKEY CONTRACTS
690 ## - LOCAL SUBJECT ADDED ENTRY--TOPICAL TERM (OCLC, RLIN)
Topical term or geographic name as entry element BUILT ENVIRONMENT-BUILDING CONTRACT FORMS
942 ## - ADDED ENTRY ELEMENTS (KOHA)
Suppress in OPAC 0
Holdings
Withdrawn status Lost status Source of classification or shelving scheme Damaged status Not for loan Home library Current library Shelving location Date acquired Cost, normal purchase price Total Checkouts Full call number Barcode Date last seen Date last checked out Copy number Cost, replacement price Price effective from Koha item type
    Dewey Decimal Classification     London London Books 06/12/2002 150.00 21 624.08 HUS 30068072 06/08/2019 17/07/2008 1 150.00 06/08/2019 Book